Statistics for Largest Cities in Texas by Letter

Click here to take the quiz!

General Stats

  • This quiz has been taken 43 times
  • The average score is 14 of 25

Answer Stats

LetterPopulationCity% Correct
D1,345,047Dallas
100%
H2,320,268Houston
100%
A964,254Austin
95%
S1,532,233San Antonio
95%
F895,008Fort Worth
92%
E682,669El Paso
89%
C326,554Corpus Christi
84%
L261,639Laredo
79%
P288,061Plano
74%
O123,334Odessa
71%
W138,183Waco
71%
B183,392Brownsville
66%
I242,242Irving
58%
K149,103Killeen
58%
T105,729Tyler
55%
G242,507Garland
50%
M191,645McKinney
39%
V67,015Victoria
32%
R128,739Round Rock
29%
N84,612New Braunfels
21%
J14,544Jacksonville
18%
Z713Zavalla
16%
U23,068University Park
8%
Y5,815Yoakum
8%
Q2,641Quanah
3%

Score Distribution

Percentile by Number Answered

Percent of People with Each Score

Your Score History

You have not taken this quiz